01005nam a2200205 a 450000100100000000500170001000800410002704000250006808200160009311000720010924501240018126000370030530000260034249000710036870000310043983000780047095201140054895201200066299900170078200002960420200930055654.0110415s1999 dr 000 0 spa d aDO-SdBNPbspacBNPHU axxxbC3978a2 aCentro Nacional de Investigaciones en Salud Materno Infantil95575710aDesordenes peroxisomales :bdefectos de oxidación de los acidos grasos de cadena muy larga /ceditor Hugo R. Mendoza. aSanto Domingo :bCENISMI,c1999. aviii, 43 p. ;c28 cm.1 aInvestigaciones clínicasaestudios aplicados a las clínicaviv1 aMendoza, Hugo R.eed96390 0aInvestigaciones clínicaspestudios aplicados a las clínicaviv956422 0010718PDaPDbPDcCTd2011-04-19iLF1l0oxxx C3978ap29604-10r2020-06-25w2020-06-25yLFPDZNo se presta 0010718PDaPDbPDcCTd2011-04-28iLF1l0oxxx C3978ap29604-20r2020-06-25te. 2w2020-06-25yLFPDZNo se presta c29096d29096